000 01027nam a22002777i 4500
999 _c23357
_d23357
003 AR-CdUCM
008 250812b20172017 pe||||| |||| 00| 0 spa d
040 _aMUNICIPALIDAD PROVINCIAL DEL CUSCO
_cBIBLIOTECA MUNICIPAL DEL CUSCO
041 _hspa
082 _a911 / R63D
_bR63D
100 _aRios Zamalloa, Jorge
_92949
245 _aDialéctica de la Naturaleza
260 _aWanchaq-Cusco :
_bEditorial Wamanpuma
_c2017
300 _a191 páginas. :
_c20x15 cm.
505 _aEnergía y masa -- Movimiento y organización -- Trastornos físicos de la materia -- El sistema solar -- los campos de la ciencia -- Los planetas y el sol -- La evolución de la vida -- El predominio humano
650 _aNaturaleza
_94241
650 _aDialéctica
_95490
650 _aEspacio
_920858
650 _aMasa
_951340
650 _aMateria
_9883
650 _aLa tierra y la luna
_951341
650 _aLa biología sobre la tierra
_951342
650 _aOtros astros
_951343
942 _2ddc
_cLIBROS
945 _apbjr
_d12-08-2025